Néhány megjegyzés a temetési menetben vezetett egyházra hagyott lovakról

Elmentve itt :
Bibliográfiai részletek
Szerző: Szarka József
Testületi szerző: Medievisztikai PhD-konferencia (2.) (2001) (Szeged)
Dokumentumtípus: Könyv része
Megjelent: 2001
Sorozat:Középkortörténeti tanulmányok 2
Kulcsszavak:Katolikus egyház - Magyarország - középkor
Online Access:http://acta.bibl.u-szeged.hu/65237
LEADER 00763naa a2200193 i 4500
001 acta65237
005 20260224081030.0
008 200211s2001 hu o 100 hun d
020 |a 963 482 536 2 
040 |a SZTE Egyetemi Kiadványok Repozitórium  |b hun 
041 |a hun 
100 1 |a Szarka József 
245 1 0 |a Néhány megjegyzés a temetési menetben vezetett egyházra hagyott lovakról  |h [elektronikus dokumentum] /  |c  Szarka József 
260 |c 2001 
300 |a 113-123 
490 0 |a Középkortörténeti tanulmányok  |v 2 
695 |a Katolikus egyház - Magyarország - középkor 
710 |a Medievisztikai PhD-konferencia (2.) (2001) (Szeged) 
856 4 0 |u http://acta.bibl.u-szeged.hu/65237/1/kozepkortorteneti_tanulmanyok_02_113-123.pdf  |z Dokumentum-elérés